Dickens, Hard times, Great expectations, and Our mutual friend : (Record no. 62806)
[ view plain ]
| 000 -LEADER | |
|---|---|
| fixed length control field | 01216nam a2200325 a 4500 |
| 001 - CONTROL NUMBER | |
| control field | 62806 |
| 003 - CONTROL NUMBER IDENTIFIER | |
| rucl marc code | BD-RjUL |
| 005 - DATE AND TIME OF LATEST TRANSACTION | |
| control field | 20211209081126.0 |
| 008 - FIXED-LENGTH DATA ELEMENTS--GENERAL INFORMATION | |
| fixed length control field | 170125r19821979enk b 001 0 eng d |
| 020 ## - INTERNATIONAL STANDARD BOOK NUMBER | |
| International Standard Book Number | 0333240367 : |
| Terms of availability | £9.50 |
| International Standard Book Number | 0333240375 (pbk.) |
| 035 ## - SYSTEM CONTROL NUMBER | |
| System control number | (BD-RjUL)62934 |
| 040 ## - CATALOGING SOURCE | |
| Original cataloging agency | DLC |
| Transcribing agency | DLC |
| Modifying agency | DLC |
| Language of cataloging | eng |
| 041 ## - LANGUAGE CODE | |
| Language code of text/sound track or separate title | eng |
| 082 00 - DEWEY DECIMAL CLASSIFICATION NUMBER | |
| Classification number | 828 |
| Author mark and year | DIC 1982 |
| 245 00 - TITLE STATEMENT | |
| Title | Dickens, Hard times, Great expectations, and Our mutual friend : |
| Remainder of title | a casebook / |
| Statement of responsibility, etc. | edited by Norman Page. |
| 260 ## - PUBLICATION, DISTRIBUTION, ETC. (IMPRINT) | |
| Place of publication, distribution, etc. | London : |
| Name of publisher, distributor, etc. | Macmillan, |
| Date of publication, distribution, etc. | 1979 [Reprinted 1982] |
| 300 ## - PHYSICAL DESCRIPTION | |
| Pagination | 211 p. ; |
| Size | 22 cm. |
| 490 0# - SERIES STATEMENT | |
| Series statement | Casebook series |
| 500 ## - GENERAL NOTE | |
| General note | Spine title: Hard times, Great expectations, and Our mutual friend. |
| 504 ## - BIBLIOGRAPHY, ETC. NOTE | |
| Bibliography, etc | Includes Bibliography: p. [203]-204. and index |
| 600 10 - SUBJECT ADDED ENTRY--PERSONAL NAME | |
| Personal name | Dickens, Charles, |
| Dates associated with a name | 1812-1870 |
| General subdivision | Criticism and interpretation. |
| Personal name | Dickens, Charles, |
| Dates associated with a name | 1812-1870. |
| Title of a work | Hard times. |
| Personal name | Dickens, Charles, |
| Dates associated with a name | 1812-1870. |
| Title of a work | Great expectations. |
| Personal name | Dickens, Charles, |
| Dates associated with a name | 1812-1870. |
| Title of a work | Our mutual friend. |
| 700 1# - ADDED ENTRY--PERSONAL NAME | |
| Personal name | Page, Norman. |
| 942 ## - ADDED ENTRY ELEMENTS (KOHA) | |
| Source of classification or shelving scheme | Dewey Decimal Classification |
| Koha item type | Books |
| Lost status | Source of classification or shelving scheme | Damaged status | Not for loan | Collection code | Permanent Location | Current Location | Shelving location | Date acquired | Source of acquisition | Cost, normal purchase price | Total Checkouts | Full call number | Date last seen | Copy number | Koha item type |
|---|---|---|---|---|---|---|---|---|---|---|---|---|---|---|---|
| Dewey Decimal Classification | Not For Loan | Non-fiction | Central Library, University of Rajshahi | Central Library, University of Rajshahi | Reading Room | 22/05/1983 | Heffer | 4.95 | 828 DIC 1982 | 25/01/2017 | C-1 | Books |